[Event "EIBCC 2019"]
[Site "Tallinn"]
[Date "2019.12.07"]
[Round "9.18"]
[White "Lintchevski, Daniil"]
[Black "Dragicevic, Drazen"]
[Result "1-0"]
[WhiteElo "2553"]
[BlackElo "2300"]
[Annotator "ChessBase"]
[PlyCount "75"]
[EventDate "2019.12.06"]
[EventType "swiss"]
[EventCountry "EST"]
[SourceTitle "playchess.com"]
[Source "ChessBase"]
[SourceQuality "1"]

1. e4 c5 2. Nf3 d6 3. d4 cxd4 4. Nxd4 Nf6 5. Nc3 Bd7 6. Be2 e5 7. Nf3 Bc6 8. Bg5 Nbd7 9. O-O Be7 10. Bxf6 Nxf6 11. Nd2 O-O 12. Bf3 b5 13. a3 a5 14. Ne2 d5 15. exd5 Bxd5 16. Nc3 Bxf3 17. Nxf3 b4 18. axb4 axb4 19. Ne2 Qc7 20. Rxa8 Rxa8 21. Ng3 Rc8 22. Qe2 Qxc2 23. Qxe5 Qc5 24. Qe2 Qa7 25. Ng5 b3 26. Qf3 Qb6 27. Nf5 Bf8 28. Ne3 h6 29. Ne4 Nxe4 30. Qxe4 Qf6 31. Qb7 Qe6 32. g3 Rd8 33. Rc1 Rd2 34. Rc8 Qd6 35. Nf5 Rd1+ 36. Kg2 Qd5+ 37. Qxd5 Rxd5 38. Ne7+ 1-0

[Event "EIBCC 2019"]
[Site "Tallinn"]
[Date "2019.12.07"]
[Round "9.19"]
[White "Popov, Valerij"]
[Black "Burg, Brent"]
[Result "1-0"]
[WhiteElo "2547"]
[BlackElo "2284"]
[Annotator "ChessBase"]
[PlyCount "58"]
[EventDate "2019.12.06"]
[EventType "swiss"]
[EventCountry "EST"]
[SourceTitle "playchess.com"]
[Source "ChessBase"]
[SourceQuality "1"]

1. Nf3 d6 2. d4 f5 3. g3 Nf6 4. Bg2 g6 5. O-O Bg7 6. c4 O-O 7. Nc3 Qe8 8. d5 a5 9. Ne1 Na6 10. Nd3 Bd7 11. Bd2 h6 12. Rc1 g5 13. e3 b6 14. b3 Nc5 15. Nxc5 bxc5 16. a4 Ng4 17. Qe2 Ne5 18. f4 Ng4 19. Nb5 Bxb5 20. cxb5 Qd7 21. Kh1 Nf6 22. Qd3 g4 23. Rfe1 Ra7 24. Qc4 Kh8 25. Re2 Re8 26. e4 fxe4 27. Bxe4 Nxe4 28. Qxe4 e5 29. dxe6 Qxe6 1-0

[Event "EIBCC 2019"]
[Site "Tallinn"]
[Date "2019.12.07"]
[Round "9.20"]
[White "Schneider, Ilja"]
[Black "Kanep, Meelis"]
[Result "1-0"]
[WhiteElo "2483"]
[BlackElo "2280"]
[Annotator "ChessBase"]
[PlyCount "83"]
[EventDate "2019.12.06"]
[EventType "swiss"]
[EventCountry "EST"]
[SourceTitle "playchess.com"]
[Source "ChessBase"]
[SourceQuality "1"]

1. d4 Nf6 2. Bg5 d5 3. e3 c5 4. c3 Nc6 5. Nd2 e6 6. Ngf3 Be7 7. Bd3 O-O 8. O-O h6 9. Bxf6 Bxf6 10. dxc5 Qe7 11. Nb3 a5 12. a4 e5 13. e4 Be6 14. Re1 Rfd8 15. Qc2 Rab8 16. Rad1 d4 17. cxd4 Nb4 18. Qc3 Na2 19. Qc2 Nb4 20. Qc3 Na2 21. Qxa5 Bxb3 22. Ra1 exd4 23. e5 Bg5 24. Qb5 Bd5 25. Bc4 Bxf3 26. gxf3 Bf4 27. e6 fxe6 28. Rxe6 Qg5+ 29. Kf1 Kh8 30. Rxa2 Bxh2 31. Bd3 Qg1+ 32. Ke2 Qg2 33. c6 bxc6 34. Qf5 Kg8 35. Re7 Bg1 36. Qh7+ Kf8 37. Rc7 Qxf2+ 38. Kd1 Qxf3+ 39. Be2 Qb3+ 40. Kc1 Qe3+ 41. Kb1 Qg5 42. Qh8# 1-0

[Event "EIBCC 2019"]
[Site "Tallinn"]
[Date "2019.12.07"]
[Round "9.21"]
[White "Luukkonen, Tommi"]
[Black "Stupak, Kirill"]
[Result "0-1"]
[WhiteElo "2269"]
[BlackElo "2459"]
[Annotator "ChessBase"]
[PlyCount "146"]
[EventDate "2019.12.06"]
[EventType "swiss"]
[EventCountry "EST"]
[SourceTitle "playchess.com"]
[Source "ChessBase"]
[SourceQuality "1"]

1. e4 c6 2. Nc3 d5 3. Nf3 Bg4 4. h3 Bh5 5. exd5 cxd5 6. d4 Nc6 7. g4 Bg6 8. Bb5 e6 9. Ne5 Rc8 10. h4 f6 11. Nxg6 hxg6 12. Qd3 Kf7 13. h5 gxh5 14. gxh5 Nge7 15. Be3 Nf5 16. O-O-O a6 17. Bxc6 Rxc6 18. Kb1 Qa5 19. Ne2 Qb5 20. Qxb5 axb5 21. Nf4 Bd6 22. Nd3 b4 23. Bf4 Nxd4 24. Bxd6 Rxd6 25. Nxb4 Nf5 26. Rd3 Rdd8 27. f4 Rh7 28. Rb3 Rdh8 29. Nd3 Nd6 30. Rb6 Ke7 31. Re1 Rxh5 32. b3 Rh1 33. Rxh1 Rxh1+ 34. Kb2 Kd7 35. a4 Kc7 36. a5 Rh8 37. Kc3 Ra8 38. b4 Re8 39. Kd4 Nc8 40. Rb5 Na7 41. Rb6 Nc8 42. Rb5 Re7 43. f5 Nd6 44. Rc5+ Kd7 45. fxe6+ Kxe6 46. Nf4+ Kf7 47. Nxd5 Nf5+ 48. Kd3 Rd7 49. Ke4 Nd6+ 50. Kf3 g5 51. Nb6 Re7 52. Nd5 Rd7 53. Ne3 Ke6 54. c4 Rh7 55. b5 Rh3+ 56. Ke2 Rh2+ 57. Kd3 Ra2 58. b6 Ra3+ 59. Ke2 f5 60. Nd5 f4 61. Nc7+ Kf6 62. a6 bxa6 63. Rc6 Ke5 64. b7 Nxb7 65. c5 Rc3 66. Re6+ Kf5 67. c6 Na5 68. Rh6 Rxc6 69. Rh7 Nc4 70. Nd5 Re6+ 71. Kf2 Ne3 72. Rf7+ Kg6 73. Ra7 Nxd5 0-1

[Event "EIBCC 2019"]
[Site "Tallinn"]
[Date "2019.12.07"]
[Round "9.22"]
[White "Mohr, Georg"]
[Black "Shapiro, Viktor"]
[Result "0-1"]
[WhiteElo "2458"]
[BlackElo "2267"]
[Annotator "ChessBase"]
[PlyCount "100"]
[EventDate "2019.12.06"]
[EventType "swiss"]
[EventCountry "EST"]
[SourceTitle "playchess.com"]
[Source "ChessBase"]
[SourceQuality "1"]

1. Nf3 Nf6 2. g3 c5 3. Bg2 Nc6 4. O-O d6 5. d4 cxd4 6. Nxd4 Bd7 7. c4 e6 8. Nc3 Be7 9. b3 a6 10. Bb2 O-O 11. Qd2 Rc8 12. Rfd1 Qc7 13. Rac1 Qb8 14. e4 Rfd8 15. Qe2 h5 16. Nc2 Ne5 17. Ne3 b5 18. cxb5 axb5 19. a3 b4 20. axb4 Qxb4 21. h3 Qxb3 22. f4 Nc4 23. Nxc4 Qxc4 24. Qxc4 Rxc4 25. e5 dxe5 26. fxe5 Ne8 27. Kh2 Bc6 28. Rxd8 Bxd8 29. Bxc6 Rxc6 30. Ra1 Rc8 31. Kg2 Bc7 32. Ne4 Bb6 33. Kf3 Nc7 34. Nd6 Rb8 35. Rc1 Nd5 36. Rc8+ Rxc8 37. Nxc8 Bc7 38. g4 hxg4+ 39. hxg4 f6 40. exf6 gxf6 41. Ke4 Kf7 42. Na7 Kg6 43. Bc1 Nc3+ 44. Kd3 Nd5 45. Bb2 Kg5 46. Nb5 Bd8 47. Nd4 Nf4+ 48. Ke4 Kxg4 49. Bc1 f5+ 50. Ke3 Bb6 0-1

[Event "EIBCC 2019"]
[Site "Tallinn"]
[Date "2019.12.07"]
[Round "9.23"]
[White "Frischmann, Rick"]
[Black "Rocha, Sergio"]
[Result "0-1"]
[WhiteElo "2450"]
[BlackElo "2249"]
[Annotator "ChessBase"]
[PlyCount "76"]
[EventDate "2019.12.06"]
[EventType "swiss"]
[EventCountry "EST"]
[SourceTitle "playchess.com"]
[Source "ChessBase"]
[SourceQuality "1"]

1. e4 g6 2. d4 Bg7 3. Nf3 d6 4. Be3 a6 5. c4 Nc6 6. h3 e5 7. d5 Nce7 8. Nc3 f5 9. exf5 Nxf5 10. Bg5 Bf6 11. Ne4 Bxg5 12. Nexg5 Nf6 13. g4 Ng7 14. Qc2 Qe7 15. Bg2 O-O 16. O-O Bd7 17. Rae1 h6 18. Ne6 Bxe6 19. dxe6 Nxe6 20. Qxg6+ Qg7 21. Qc2 Nf4 22. Re3 Rae8 23. Nh4 Qg5 24. Nf5 Kh8 25. Rg3 b6 26. Kh2 Rf7 27. Bc6 Rg8 28. Rfg1 a5 29. f3 Nh7 30. h4 Qf6 31. Be4 Rff8 32. b3 Rc8 33. Qd2 Rcf8 34. Qe3 Re8 35. Qd2 Ref8 36. Re1 Qd8 37. Reg1 Rxf5 38. Bxf5 Qxh4+ 0-1

[Event "EIBCC 2019"]
[Site "Tallinn"]
[Date "2019.12.07"]
[Round "9.24"]
[White "Putka, Verners"]
[Black "Troyke, Christian"]
[Result "0-1"]
[WhiteElo "2448"]
[BlackElo "2247"]
[Annotator "NA"]
[PlyCount "38"]
[EventDate "2019.12.06"]
[EventType "swiss"]
[EventCountry "EST"]
[SourceTitle "playchess.com"]
[Source "ChessBase"]
[SourceQuality "1"]

1. d4 g6 2. Nf3 Bg7 3. g3 Nf6 4. Bg2 O-O 5. O-O d6 6. c4 Ne4 7. Nc3 Nxc3 8. bxc3 e5 9. Bg5 Qe8 10. Qb3 Nc6 11. Be3 b6 12. dxe5 dxe5 13. Nxe5 Bxe5 14. Qb5 Bb7 15. Rad1 Bxc3 16. Rd3 Bg7 17. Rfd1 a6 18. Qa4 Rb8 19. R3d2 Ne5 0-1

[Event "EIBCC 2019"]
[Site "Tallinn"]
[Date "2019.12.07"]
[Round "9.25"]
[White "Nguyen, Thai Dai Van"]
[Black "Chibukhchyan, Erik"]
[Result "1-0"]
[WhiteElo "2419"]
[BlackElo "2230"]
[Annotator "ChessBase"]
[PlyCount "127"]
[EventDate "2019.12.06"]
[EventType "swiss"]
[EventCountry "EST"]
[SourceTitle "playchess.com"]
[Source "ChessBase"]
[SourceQuality "1"]

1. d4 Nf6 2. c4 e6 3. Nc3 Bb4 4. Qc2 O-O 5. e4 d5 6. e5 Ne4 7. Bd3 c5 8. Nf3 Nc6 9. O-O f5 10. cxd5 exd5 11. Nxd5 Kh8 12. Nf4 Nxd4 13. Nxd4 Qxd4 14. a3 Ba5 15. e6 Bc7 16. Be3 Qf6 17. Bxe4 Bxf4 18. Bxf4 fxe4 19. Bd6 Re8 20. Bxc5 Qxe6 21. Rad1 Qg6 22. Rd6 Qg5 23. Be3 Qe7 24. Qd2 Bf5 25. Bg5 Qf7 26. Rc1 Rac8 27. Rxc8 Rxc8 28. Rd8+ Rxd8 29. Qxd8+ Qg8 30. Qe7 Qc8 31. Bd2 h6 32. Bc3 Qg8 33. h3 Kh7 34. Qxb7 Qf8 35. Qxa7 Be6 36. Qd4 Bf5 37. a4 Qe7 38. a5 Bc8 39. b4 Ba6 40. Qc5 Qxc5 41. bxc5 g6 42. c6 Kg8 43. Kh2 Kf7 44. Kg3 Ke6 45. c7 Kf5 46. Bd2 h5 47. Kh4 Bc8 48. g4+ hxg4 49. hxg4+ Kf6 50. Bc3+ Kf7 51. Kg5 Ba6 52. Kf4 Bb7 53. Ke5 Ke7 54. Bb4+ Kd7 55. Kf6 e3 56. fxe3 Be4 57. Bd6 Bb7 58. Bf4 Be4 59. a6 Kc8 60. a7 Kd7 61. a8=Q Bxa8 62. Kxg6 Bb7 63. g5 Ke6 64. Kh7 1-0

[Event "EIBCC 2019"]
[Site "Tallinn"]
[Date "2019.12.07"]
[Round "9.26"]
[White "Aleksandrov, Aleksej"]
[Black "Firstov, Juri"]
[Result "1-0"]
[WhiteElo "2416"]
[BlackElo "2228"]
[Annotator "NA"]
[PlyCount "83"]
[EventDate "2019.12.06"]
[EventType "swiss"]
[EventCountry "EST"]
[SourceTitle "playchess.com"]
[Source "ChessBase"]
[SourceQuality "1"]

1. d4 b6 2. e4 Bb7 3. Bd3 e6 4. c3 c5 5. Nf3 Nf6 6. Qe2 Be7 7. O-O Nc6 8. a3 Na5 9. Nbd2 c4 10. Bc2 Qc7 11. e5 Nd5 12. Ne4 f5 13. exf6 gxf6 14. Ng3 Nb3 15. Bxb3 cxb3 16. Bh6 a5 17. c4 Nf4 18. Qe3 Ng6 19. Qxb3 a4 20. Qd3 Kf7 21. Rac1 Rac8 22. Rfe1 Bd6 23. Qe3 Bf4 24. Bxf4 Qxf4 25. Nd2 Qxe3 26. fxe3 Nh4 27. Nge4 Ke7 28. g3 Rhg8 29. Kf2 f5 30. Nc3 Ng6 31. Nxa4 Rc6 32. b4 d6 33. b5 Rc7 34. Nxb6 h5 35. a4 h4 36. a5 hxg3+ 37. hxg3 Rh8 38. Nf1 e5 39. a6 Ba8 40. Ra1 f4 41. exf4 Kf6 42. Nxa8 1-0

[Event "EIBCC 2019"]
[Site "Tallinn"]
[Date "2019.12.07"]
[Round "9.27"]
[White "Shubin, Kirill"]
[Black "Lazavik, Denis"]
[Result "1/2-1/2"]
[WhiteElo "2401"]
[BlackElo "2222"]
[Annotator "NA"]
[PlyCount "127"]
[EventDate "2019.12.06"]
[EventType "swiss"]
[EventCountry "EST"]
[SourceTitle "playchess.com"]
[Source "ChessBase"]
[SourceQuality "1"]

1. e4 e5 2. Nf3 Nc6 3. Bb5 a6 4. Ba4 Nf6 5. O-O Be7 6. Re1 b5 7. Bb3 d6 8. c3 O-O 9. h3 Bb7 10. d4 Re8 11. Nbd2 Bf8 12. a3 h6 13. Bc2 Nb8 14. b4 Nbd7 15. dxe5 dxe5 16. Nb3 c5 17. Na5 Qc7 18. Bb2 Rad8 19. Qe2 Ba8 20. Rab1 Nb6 21. Bc1 Rc8 22. Bd2 Red8 23. Nh4 Nxe4 24. Bxe4 Bxe4 25. Qxe4 Rxd2 26. Nf3 Rdd8 27. Qxe5 Na4 28. Qe3 Nb6 29. Nb3 Nd5 30. Qc1 cxb4 31. cxb4 Nc3 32. Ra1 Qc4 33. Qb2 Na4 34. Qa2 Rd3 35. Rec1 Rc3 36. Rxc3 Nxc3 37. Qb2 Na4 38. Qa2 Rd8 39. Kh1 Rd3 40. Nfd2 Qc3 41. Rc1 Rxd2 42. Qxd2 Qxb3 43. Rc8 Qe6 44. Qd8 Kh7 45. Qxf8 Qe1+ 46. Kh2 Qxf2 47. Qd6 Nb6 48. Rc3 Nc4 49. Qd3+ g6 50. Qf3 Qxf3 51. Rxf3 Kg7 52. Kg1 f5 53. Kf2 Kf6 54. Ke2 Ke5 55. h4 g5 56. hxg5 hxg5 57. Rd3 Ke4 58. g3 f4 59. gxf4 gxf4 60. Rd8 Nxa3 61. Ra8 Nc2 62. Rxa6 Nxb4 63. Re6+ Kd5 64. Rf6 1/2-1/2

[Event "EIBCC 2019"]
[Site "Tallinn"]
[Date "2019.12.07"]
[Round "9.28"]
[White "Studer, Noel"]
[Black "Golikov, Daniil"]
[Result "1-0"]
[WhiteElo "2394"]
[BlackElo "2220"]
[Annotator "NA"]
[PlyCount "81"]
[EventDate "2019.12.06"]
[EventType "swiss"]
[EventCountry "EST"]
[SourceTitle "playchess.com"]
[Source "ChessBase"]
[SourceQuality "1"]

1. d4 Nf6 2. c4 e6 3. Nf3 Bb4+ 4. Nbd2 d5 5. Qa4+ Nc6 6. a3 Be7 7. e3 O-O 8. b4 Nb8 9. Bb2 Nbd7 10. Qc2 c6 11. Bd3 a5 12. c5 b6 13. O-O Bb7 14. Rfb1 axb4 15. axb4 Qc7 16. Bc3 b5 17. Nb3 Rxa1 18. Rxa1 Ra8 19. Na5 Bc8 20. Ne5 Bb7 21. f4 g6 22. Rf1 Rf8 23. h3 Kg7 24. g4 Nxe5 25. dxe5 Nd7 26. Qb2 Kh8 27. f5 gxf5 28. gxf5 Rg8+ 29. Kh1 Rg3 30. Qf2 Rxh3+ 31. Kg2 Rh5 32. fxe6 Rg5+ 33. Kf3 Nxe5+ 34. Ke2 f6 35. Qh2 h5 36. Rg1 Rxg1 37. Qxh5+ Kg8 38. Qh7+ Kf8 39. Bxe5 Rg7 40. Qh8+ Rg8 41. Qh6+ 1-0

[Event "EIBCC 2019"]
[Site "Tallinn"]
[Date "2019.12.07"]
[Round "9.29"]
[White "Lobanov, Sergei"]
[Black "Poznyak, Nazar"]
[Result "1-0"]
[WhiteElo "2394"]
[BlackElo "2211"]
[Annotator "NA"]
[PlyCount "67"]
[EventDate "2019.12.06"]
[EventType "swiss"]
[EventCountry "EST"]
[SourceTitle "playchess.com"]
[Source "ChessBase"]
[SourceQuality "1"]

1. e4 c5 2. Nf3 a6 3. Nc3 e6 4. d4 cxd4 5. Nxd4 b5 6. Bd3 Ne7 7. O-O Nbc6 8. Nb3 Bb7 9. Be3 Ng6 10. f4 Be7 11. Qh5 Nb4 12. Rad1 Nxd3 13. Rxd3 O-O 14. Rfd1 d6 15. e5 d5 16. Nd4 Rc8 17. Bc1 b4 18. Nce2 a5 19. Rh3 Nh4 20. g3 g6 21. Qh6 Ba6 22. gxh4 Bxe2 23. Nxe2 Rxc2 24. h5 Bc5+ 25. Kf1 Qd7 26. Rd2 Rc4 27. Rdd3 f6 28. hxg6 fxe5 29. Rdg3 Rxc1+ 30. Nxc1 Rxf4+ 31. Rf3 Qb5+ 32. Ne2 Rxf3+ 33. Rxf3 hxg6 34. Qxg6+ 1-0

[Event "EIBCC 2019"]
[Site "Tallinn"]
[Date "2019.12.07"]
[Round "9.30"]
[White "Belenkaya, Dina"]
[Black "Dorokhin, Mykhailo"]
[Result "0-1"]
[WhiteElo "2203"]
[BlackElo "2364"]
[Annotator "NA"]
[PlyCount "112"]
[EventDate "2019.12.06"]
[EventType "swiss"]
[EventCountry "EST"]
[SourceTitle "playchess.com"]
[Source "ChessBase"]
[SourceQuality "1"]

1. e4 c6 2. d3 d5 3. Nd2 g6 4. Ngf3 Bg7 5. g3 Nf6 6. Bg2 O-O 7. O-O a5 8. a4 Na6 9. c3 Nc5 10. e5 Ne8 11. d4 Na6 12. b3 c5 13. Ba3 cxd4 14. cxd4 Nb4 15. Rc1 Bf5 16. Ne1 Qd7 17. Nb1 Bxb1 18. Rxb1 Nc7 19. Nd3 Nca6 20. Rc1 b5 21. Nc5 Nxc5 22. Rxc5 bxa4 23. bxa4 e6 24. Qd2 Rfb8 25. Ra1 Bf8 26. Qd1 Bxc5 27. dxc5 Qc7 28. Bf1 Qxc5 29. Rc1 Qe7 30. Qd4 Qd7 31. Bb5 Rxb5 32. axb5 Qxb5 33. Rc7 Qd3 34. Qf4 Qf5 35. Qc1 Qxe5 36. Bb2 Nd3 37. Bxe5 Nxc1 38. Rxc1 a4 39. Kf1 h6 40. h4 g5 41. h5 Kf8 42. Ke2 a3 43. Kd2 Ke7 44. Ra1 f6 45. Bc3 a2 46. Kc2 e5 47. Kb2 Ke6 48. Rxa2 Rxa2+ 49. Kxa2 Kf5 50. f3 g4 51. Bd2 gxf3 52. Be3 d4 53. Bf2 Ke4 54. Kb2 Kd3 55. Kc1 Ke2 56. Bg1 f2 0-1

[Event "EIBCC 2019"]
[Site "Tallinn"]
[Date "2019.12.07"]
[Round "9.31"]
[White "Kononenko, Dmitry"]
[Black "Vorobjov, Pavel"]
[Result "1/2-1/2"]
[WhiteElo "2706"]
[BlackElo "2362"]
[Annotator "TA"]
[PlyCount "154"]
[EventDate "2019.12.06"]
[EventType "swiss"]
[EventCountry "EST"]
[SourceTitle "playchess.com"]
[Source "ChessBase"]
[SourceQuality "1"]

1. e4 c5 2. Nf3 Nc6 3. d4 cxd4 4. Nxd4 Nf6 5. Nc3 d6 6. Bc4 e6 7. Bb3 a6 8. f4 Na5 9. f5 Nxb3 10. axb3 Be7 11. O-O O-O 12. Kh1 Bd7 13. Qf3 e5 14. Nde2 Bc6 15. Bg5 b5 16. Bxf6 Bxf6 17. Rad1 Qc7 18. Ng3 b4 19. Nb1 Bg5 20. f6 Bxf6 21. Qg4 Bd7 22. Nf5 Bxf5 23. Rxf5 Be7 24. Rc1 g6 25. Rff1 a5 26. Nd2 a4 27. bxa4 Rxa4 28. b3 Ra2 29. Nc4 Qc8 30. Qd1 Qc6 31. Qd3 Rd8 32. Rcd1 Raa8 33. Qf3 Rf8 34. Rf2 Rad8 35. Ne3 Qb7 36. Nd5 Kg7 37. Rd3 Bg5 38. Qg3 h6 39. h4 Be7 40. Rdf3 Ra8 41. h5 Bg5 42. Qg4 Rad8 43. Qg3 Qc8 44. Rf1 Qb7 45. R3f2 Qc8 46. Qf3 Qe6 47. hxg6 fxg6 48. Qxf8+ Rxf8 49. Rxf8 Bf4 50. Nxf4 exf4 51. R1xf4 h5 52. Rd8 Qe5 53. Rdf8 Qa1+ 54. Rf1 Qc3 55. R8f2 Qe3 56. Rf4 Qe2 57. R1f2 Qd1+ 58. Kh2 Kh6 59. Rf6 Qd4 60. R6f4 Qe5 61. Kh1 Qa1+ 62. Kh2 Kg5 63. R4f3 Qe5+ 64. g3 Qxe4 65. Rd3 d5 66. Rfd2 Kh6 67. Rxd5 Qe7 68. R5d4 Qc5 69. Rc4 Qe3 70. Rg2 Qe7 71. Rf2 Qe3 72. Kg2 Qe7 73. Kf1 Qd6 74. Kg2 Qd5+ 75. Kh2 Qd6 76. Kg2 Qd5+ 77. Kh2 Qd6 1/2-1/2

[Event "EIBCC 2019"]
[Site "Tallinn"]
[Date "2019.12.07"]
[Round "9.32"]
[White "D`Costa, Lorin"]
[Black "Haitin, Ilja"]
[Result "1/2-1/2"]
[WhiteElo "2361"]
[BlackElo "2146"]
[Annotator "NA"]
[PlyCount "104"]
[EventDate "2019.12.06"]
[EventType "swiss"]
[EventCountry "EST"]
[SourceTitle "playchess.com"]
[Source "ChessBase"]
[SourceQuality "1"]

1. e4 d5 2. exd5 Qxd5 3. Nc3 Qd6 4. Nf3 Nf6 5. d4 c6 6. g3 Bg4 7. Bg2 e6 8. h3 Bxf3 9. Bxf3 Be7 10. O-O O-O 11. Ne2 e5 12. c3 Na6 13. Bg2 Rad8 14. Qb3 exd4 15. Nxd4 Nc5 16. Qc2 g6 17. Bf4 Qd7 18. Rad1 Qc8 19. Rfe1 Rfe8 20. Bg5 Nd5 21. Bh6 Bf6 22. Nb3 Nxb3 23. axb3 Rxe1+ 24. Rxe1 Re8 25. Re4 Rxe4 26. Qxe4 Qe6 27. Qxe6 fxe6 28. h4 Kf7 29. Kf1 b5 30. b4 a6 31. Ke2 Ke7 32. Kd3 Kd6 33. Bf3 Be5 34. Bd2 Bf6 35. h5 g5 36. h6 Ne7 37. Be4 Ng8 38. Bxh7 Nxh6 39. Be4 Nf7 40. f4 gxf4 41. Bxf4+ Be5 42. Ke3 Bxf4+ 43. Kxf4 c5 44. bxc5+ Kxc5 45. Bd3 a5 46. g4 b4 47. cxb4+ Kxb4 48. Bg6 Nd6 49. Bc2 Nf7 50. Bg6 Nd6 51. Bc2 Nf7 52. Bg6 Nd6 1/2-1/2

[Event "EIBCC 2019"]
[Site "Tallinn"]
[Date "2019.12.07"]
[Round "9.33"]
[White "Duzhakov, Ilya"]
[Black "Stabulnieks, Klavs"]
[Result "1-0"]
[WhiteElo "2346"]
[BlackElo "2069"]
[Annotator "NA"]
[PlyCount "69"]
[EventDate "2019.12.06"]
[EventType "swiss"]
[EventCountry "EST"]
[SourceTitle "playchess.com"]
[Source "ChessBase"]
[SourceQuality "1"]

1. d4 Nf6 2. c4 g6 3. Nc3 d5 4. Nf3 Bg7 5. cxd5 Nxd5 6. e4 Nxc3 7. bxc3 c5 8. Rb1 O-O 9. Be2 b6 10. O-O Bb7 11. d5 Bxc3 12. Bc4 Nd7 13. Bf4 Qc8 14. Qd3 Bg7 15. e5 Nb8 16. a4 Ba6 17. Rfe1 Bxc4 18. Qxc4 e6 19. d6 Nd7 20. h4 Qc6 21. Bg3 a6 22. h5 Rfb8 23. hxg6 hxg6 24. Ng5 Nf8 25. Qf4 Rb7 26. Ne4 Nd7 27. Ng5 Nf8 28. Bh4 b5 29. Ne4 Nd7 30. Bf6 Nxf6 31. exf6 Bf8 32. Ng5 Bh6 33. Rb3 Qe8 34. Rh3 Qf8 35. Qh4 1-0

[Event "EIBCC 2019"]
[Site "Tallinn"]
[Date "2019.12.07"]
[Round "9.34"]
[White "Sakhvadze, Georgy"]
[Black "Ziska, Helgi Dam"]
[Result "0-1"]
[WhiteElo "2035"]
[BlackElo "2614"]
[Annotator "ChessBase"]
[PlyCount "62"]
[EventDate "2019.12.06"]
[EventType "swiss"]
[EventCountry "EST"]
[SourceTitle "playchess.com"]
[Source "ChessBase"]
[SourceQuality "1"]

1. e4 c5 2. Nf3 d6 3. d3 Nc6 4. g3 g6 5. Bg2 Bg7 6. O-O e5 7. Nbd2 Nge7 8. a4 O-O 9. c3 f5 10. Ng5 Bh6 11. Qb3+ Kg7 12. f4 Bxg5 13. fxg5 Na5 14. Qd1 Be6 15. exf5 gxf5 16. b4 cxb4 17. cxb4 Qb6+ 18. Kh1 Qxb4 19. Ba3 Qb6 20. Qh5 Ng8 21. Rab1 Qc7 22. Rfc1 Qd7 23. Rb5 Nc6 24. Nc4 d5 25. Bxf8+ Rxf8 26. Ne3 e4 27. dxe4 fxe4 28. Rbb1 Ne5 29. h4 Ng4 30. Re1 Nxe3 31. Rxe3 Bg4 0-1

[Event "EIBCC 2019"]
[Site "Tallinn"]
[Date "2019.12.07"]
[Round "9.35"]
[White "Shvyrjov, Igor"]
[Black "Hjartarson, Johann"]
[Result "1-0"]
[WhiteElo "2273"]
[BlackElo "2559"]
[Annotator "ChessBase"]
[PlyCount "100"]
[EventDate "2019.12.06"]
[EventType "swiss"]
[EventCountry "EST"]
[SourceTitle "playchess.com"]
[Source "ChessBase"]
[SourceQuality "1"]

1. Nf3 Nf6 2. d4 g6 3. Bg5 Bg7 4. c3 O-O 5. Nbd2 d6 6. e4 c5 7. Bc4 Nc6 8. O-O Qc7 9. Re1 e5 10. dxe5 Nxe5 11. Nxe5 dxe5 12. Bxf6 Bxf6 13. Bd5 Rb8 14. a4 b6 15. Nc4 Bg7 16. Qb3 Bd7 17. Red1 a6 18. Ne3 b5 19. axb5 axb5 20. c4 bxc4 21. Qc2 Rb4 22. Bxc4 Bc6 23. Nd5 Bxd5 24. Rxd5 Qb6 25. b3 Kh8 26. Rd7 h5 27. h4 Qf6 28. g3 Rbb8 29. Raa7 Rbd8 30. Rxf7 Rxf7 31. Rxf7 Qd6 32. Kg2 Rf8 33. Rxf8+ Bxf8 34. Qa2 Qd7 35. Qa8 Kg7 36. Bd5 Qc7 37. Qa6 Qe7 38. Qc8 Qd6 39. Qe8 Qe7 40. Qc6 Qd6 41. Qc8 Qe7 42. Qb8 Qd6 43. Qc8 Qe7 44. Qa8 Qd6 45. Bc4 Qd7 46. Qb8 Qe7 47. Qc8 Qd6 48. Qe8 Qe7 49. Qa8 Qd6 50. Qb7+ Qe7 1-0

[Event "EIBCC 2019"]
[Site "Tallinn"]
[Date "2019.12.07"]
[Round "9.36"]
[White "Gretarsson, Helgi Ass"]
[Black "Vlassow, Valentin"]
[Result "0-1"]
[WhiteElo "2523"]
[BlackElo "2265"]
[Annotator "ChessBase"]
[PlyCount "75"]
[EventDate "2019.12.06"]
[EventType "swiss"]
[EventCountry "EST"]
[SourceTitle "playchess.com"]
[Source "ChessBase"]
[SourceQuality "1"]

1. d4 d5 2. Nf3 Bf5 3. c4 e6 4. Nc3 Nf6 5. Nh4 Be4 6. f3 Bg6 7. e3 c6 8. Qb3 Qb6 9. Bd2 Nbd7 10. Be2 Be7 11. Nxg6 hxg6 12. g3 Nh5 13. O-O-O O-O-O 14. Qc2 Kb8 15. Be1 Bg5 16. Qd2 dxc4 17. g4 e5 18. gxh5 exd4 19. Bg3+ Ka8 20. Na4 Qa6 21. f4 Qxa4 22. fxg5 Qxa2 23. Qxd4 Nb8 24. Qxd8 Rxd8 25. Rxd8 a5 26. Rhd1 c3 27. bxc3 Qxe2 28. Rxb8+ Ka7 29. Rd2 Qc4 30. Rd7 Qxc3+ 31. Kd1 Qb3+ 32. Ke2 Qc2+ 33. Rd2 Qc4+ 34. Kf2 a4 35. Rbd8 gxh5 36. R8d3 h4 37. Be5 Qe4 38. Bd4+ 0-1

[Event "EIBCC 2019"]
[Site "Tallinn"]
[Date "2019.12.07"]
[Round "10.1"]
[White "Demidov, Mikhail"]
[Black "Guseinov, Gadir"]
[Result "1/2-1/2"]
[WhiteElo "2631"]
[BlackElo "2593"]
[Annotator "ChessBase"]
[PlyCount "28"]
[EventDate "2019.12.06"]
[EventType "swiss"]
[EventCountry "EST"]
[SourceTitle "playchess.com"]
[Source "ChessBase"]
[SourceQuality "1"]

1. Nf3 g6 2. g3 Bg7 3. Bg2 d6 4. O-O e5 5. c4 f5 6. Nc3 Nf6 7. d3 O-O 8. Bg5 h6 9. Bxf6 Qxf6 10. Rb1 Qf7 11. Nd2 Nc6 12. b4 Kh8 13. Nd5 Nd4 14. b5 g5 1/2-1/2

[Event "EIBCC 2019"]
[Site "Tallinn"]
[Date "2019.12.07"]
[Round "10.2"]
[White "Motylev, Alexander"]
[Black "Morozevich, Alexander"]
[Result "0-1"]
[WhiteElo "2629"]
[BlackElo "2712"]
[Annotator "TA"]
[PlyCount "76"]
[EventDate "2019.12.06"]
[EventType "swiss"]
[EventCountry "EST"]
[SourceTitle "playchess.com"]
[Source "ChessBase"]
[SourceQuality "1"]

1. e4 e6 2. d4 d5 3. Nc3 Nf6 4. e5 Nfd7 5. f4 c5 6. Nf3 a6 7. a3 Qb6 8. Ne2 cxd4 9. Nexd4 Nc6 10. b4 a5 11. b5 Nxd4 12. Nxd4 a4 13. Be3 Nc5 14. Bd3 Qa5+ 15. Kf2 Bd7 16. Rf1 Nxd3+ 17. cxd3 Bc5 18. Qf3 Qb6 19. Ne2 d4 20. Bd2 Bxb5 21. Rfb1 Qa6 22. Ng3 Bxd3 23. Rxb7 O-O 24. Bb4 Rac8 25. Rd1 Bc2 26. Rd2 Bxb4 27. Rxb4 d3 28. Nh5 Qa7+ 29. Kg3 Kh8 30. Rb7 Qc5 31. Kh4 Rc7 32. Qg4 f5 33. exf6 g5+ 34. fxg5 Rxb7 35. g6 hxg6 36. Qxg6 Qe3 37. Ng7 Qd4+ 38. g4 Qxf6+ 0-1

[Event "EIBCC 2019"]
[Site "Tallinn"]
[Date "2019.12.07"]
[Round "10.3"]
[White "Saric, Ante"]
[Black "Sargissian, Gabriel"]
[Result "0-1"]
[WhiteElo "2577"]
[BlackElo "2676"]
[Annotator "ChessBase"]
[PlyCount "84"]
[EventDate "2019.12.06"]
[EventType "swiss"]
[EventCountry "EST"]
[SourceTitle "playchess.com"]
[Source "ChessBase"]
[SourceQuality "1"]

1. Nf3 Nf6 2. c4 b6 3. g3 Bb7 4. Bg2 c5 5. O-O e6 6. Nc3 a6 7. b3 d6 8. Bb2 Nbd7 9. e3 Be7 10. Qe2 O-O 11. d3 Rb8 12. Ne1 b5 13. f4 Re8 14. g4 Nf8 15. g5 N6d7 16. h4 Nb6 17. f5 exf5 18. Rxf5 Ng6 19. Qf2 Rf8 20. Bxb7 Rxb7 21. Ne4 Nd7 22. Nf3 Nge5 23. Nxe5 Nxe5 24. Bxe5 dxe5 25. Rf1 Qxd3 26. Rxf7 Rbb8 27. Qf3 bxc4 28. bxc4 Qxc4 29. Rf5 Rxf5 30. Qxf5 Rf8 31. Nd2 Qxa2 32. Qd3 Rxf1+ 33. Kxf1 Qe6 34. Qe4 a5 35. Qa8+ Kf7 36. Qf3+ Kg8 37. Qa8+ Bf8 38. Qxa5 Qh3+ 39. Ke2 Qg2+ 40. Kd3 Qd5+ 41. Kc3 e4 42. Qa4 Qd3+ 0-1